[Event "FRA-chT Top 16 GpB"]
[Site "Chartres"]
[Date "2023.06.07"]
[Round "7.2"]
[White "Rakotomaharo, Fy Antenaina"]
[Black "Taddei, Benoit"]
[Result "1-0"]
[WhiteElo "2459"]
[BlackElo "2292"]
[PlyCount "87"]
[EventDate "2023.06.01"]
[EventType "team-tourn"]
[EventRounds "7"]
[EventCountry "FRA"]
[SourceTitle "CBM 214 Extra"]
[Source "ChessBase"]
[SourceDate "2023.07.31"]
[SourceVersion "1"]
[SourceVersionDate "2023.07.31"]
[SourceQuality "1"]
[WhiteTeam "Mulhouse Philidor"]
[BlackTeam "Metz Fischer"]
[WhiteTeamCountry "FRA"]
[BlackTeamCountry "FRA"]

1. e4 Nf6 2. e5 Nd5 3. d4 d6 4. c4 Nb6 5. f4 Bf5 6. Nc3 e6 7. Nf3 Be7 8. Be2 dxe5 9. fxe5 Nc6 10. Be3 0-0 11. 0-0 f6 12. exf6 Bxf6 13. Qd2 Qe8 14. Rad1 Rd8 15. Qe1 Rd7 16. Kh1 h6 17. h3 Bg6 18. Bg1 Qd8 19. c5 Nd5 20. Bb5 Ndb4 21. a3 a6 22. Ba4 Nd3 23. Qxe6+ Bf7 24. Qe2 Nf4 25. Qe4 g5 26. Ne5 Bxe5 27. dxe5 Rxd1 28. Rxd1 Qe8 29. Re1 Be6 30. Qe3 Kg7 31. Bh2 Ng6 32. Ne4 Nh4 33. Nf6 Qg6 34. Qc3 Rd8 35. Bc2 Qf7 36. Be4 Kh8 37. Bg3 Ng6 38. Rf1 Nge7 39. Qc1 Rd4 40. h4 Rc4 41. Qe3 Ng8 42. Bd3 Rd4 43. Nxg8 Qxg8 44. Rf6 1-0

[Event "FRA-chT Top 16 GpA"]
[Site "Chartres"]
[Date "2022.06.10"]
[Round "2.2"]
[White "Sebag, Marie"]
[Black "Taddei, Benoit"]
[Result "1/2-1/2"]
[WhiteElo "2472"]
[BlackElo "2279"]
[PlyCount "37"]
[EventDate "2022.06.09"]
[EventType "team-tourn"]
[EventRounds "7"]
[EventCountry "FRA"]
[SourceTitle "CBM 208 Extra"]
[Source "ChessBase"]
[SourceDate "2022.07.31"]
[SourceVersion "1"]
[SourceVersionDate "2022.07.31"]
[SourceQuality "1"]
[WhiteTeam "Bischwiller"]
[BlackTeam "Metz Fischer"]
[WhiteTeamCountry "FRA"]
[BlackTeamCountry "FRA"]

1. e4 d5 2. exd5 Qxd5 3. Nc3 Qa5 4. d4 Nf6 5. Nf3 Bf5 6. Bc4 e6 7. Bd2 Bb4 8. a3 Bxc3 9. Bxc3 Qb6 10. 0-0 Nc6 11. b4 a6 12. Rb1 0-0 13. Bd3 Bxd3 14. Qxd3 Qb5 15. Rfd1 Nd5 16. Bb2 Qxd3 17. Rxd3 b5 18. Bc1 Rfd8 19. g3 1/2-1/2

[Event "Vandoeuvre op-A 15th"]
[Site "Vandoeuvre"]
[Date "2019.01.04"]
[Round "5.4"]
[White "Bailet, Pierre"]
[Black "Taddei, Benoit"]
[Result "1/2-1/2"]
[WhiteElo "2492"]
[BlackElo "2290"]
[PlyCount "89"]
[EventDate "2019.01.02"]
[EventType "swiss"]
[EventRounds "9"]
[EventCountry "FRA"]
[SourceTitle "EXT 2020"]
[Source "ChessBase"]
[SourceDate "2019.10.17"]
[SourceVersion "1"]
[SourceVersionDate "2019.10.17"]
[SourceQuality "1"]

1. c4 e5 2. Nc3 d6 3. g3 Be7 4. Bg2 f5 5. Nf3 Nf6 6. c5 Nc6 7. cxd6 cxd6 8. 0-0 e4 9. Ng5 h6 10. Nh3 g5 11. d3 d5 12. dxe4 fxe4 13. f4 exf3 14. exf3 d4 15. Ne4 Nxe4 16. fxe4 Be6 17. Nf2 Qd7 18. Bd2 Ne5 19. Rc1 h5 20. Qc2 h4 21. Nd3 Nc4 22. b3 Nxd2 23. Qxd2 hxg3 24. hxg3 Bh3 25. Bxh3 Qxh3 26. Qg2 Kd7 27. Rc4 Qxg2+ 28. Kxg2 Rac8 29. Rxd4+ Ke6 30. Rd5 Rc2+ 31. Rf2 Rhc8 32. Re5+ Kd6 33. Ref5 R8c3 34. Rxc2 Rxc2+ 35. Rf2 Rc3 36. Rd2 Ke6 37. Kf3 a5 38. Kg4 b5 39. Kh5 a4 40. bxa4 bxa4 41. Kg4 a3 42. Kf3 Bd6 43. Kg4 Be7 44. Kf3 Bd6 45. Kg4 1/2-1/2

[Event "FRA-chT Top 12"]
[Site "Montpellier"]
[Date "2015.06.02"]
[Round "4.6"]
[White "Hamdouchi, Hicham"]
[Black "Taddei, Benoit"]
[Result "1-0"]
[WhiteElo "2608"]
[BlackElo "2354"]
[PlyCount "119"]
[EventDate "2015.05.30"]
[EventType "team-tourn"]
[EventRounds "11"]
[EventCountry "FRA"]
[SourceTitle "CBM 166 Extra"]
[Source "ChessBase"]
[SourceDate "2015.06.18"]
[SourceVersion "1"]
[SourceVersionDate "2015.06.18"]
[SourceQuality "1"]
[WhiteTeam "Clichy Echecs 92"]
[BlackTeam "Metz Fischer"]
[WhiteTeamCountry "FRA"]
[BlackTeamCountry "FRA"]

1. e4 c5 2. Nf3 d6 3. d4 cxd4 4. Qxd4 Nf6 5. Bb5+ Bd7 6. c4 g6 7. Nc3 Bg7 8. 0-0 0-0 9. Qd3 Bg4 10. Bg5 a6 11. Ba4 Nbd7 12. Bxd7 Nxd7 13. Nd5 f6 14. Bd2 Rc8 15. Nd4 Nc5 16. Qe3 Bd7 17. b4 Ne6 18. Nxe6 Bxe6 19. Rac1 Bf7 20. a4 Bxd5 21. exd5 Qd7 22. a5 Rfe8 23. Rfe1 Kf7 24. Qd3 Rc7 25. Be3 Rcc8 26. Bb6 Bf8 27. c5 dxc5 28. bxc5 Kg7 29. Qc4 e6 30. dxe6 Qc6 31. h4 Re7 32. Rcd1 Ree8 33. Rd7+ Be7 34. h5 Kh8 35. Qf4 g5 36. Qf5 Kg8 37. h6 Qa4 38. Re3 Qh4 39. Rh3 Qf4 40. Qxf4 gxf4 41. Rh4 Bf8 42. Rg4+ Kh8 43. Rxf4 Rxe6 44. Rxb7 Re1+ 45. Kh2 Re7 46. Rxe7 Bxe7 47. Re4 Bf8 48. Re6 Bxh6 49. Rxf6 Kg7 50. Rd6 Bg5 51. Rd7+ Kg6 52. g3 h5 53. Kg2 Bf6 54. Ra7 Kf5 55. Rxa6 h4 56. gxh4 Bxh4 57. Ra7 Ke4 58. Rh7 Bf6 59. a6 Kd5 60. a7 1-0

[Event "FRA-chT Top 12"]
[Site "Montpellier"]
[Date "2015.05.30"]
[Round "1.7"]
[White "Marcelin, Cyril"]
[Black "Taddei, Benoit"]
[Result "1-0"]
[WhiteElo "2476"]
[BlackElo "2354"]
[PlyCount "65"]
[EventDate "2015.05.30"]
[EventType "team-tourn"]
[EventRounds "11"]
[EventCountry "FRA"]
[SourceTitle "CBM 166 Extra"]
[Source "ChessBase"]
[SourceDate "2015.06.18"]
[SourceVersion "1"]
[SourceVersionDate "2015.06.18"]
[SourceQuality "1"]
[WhiteTeam "Bischwiller"]
[BlackTeam "Metz Fischer"]
[WhiteTeamCountry "FRA"]
[BlackTeamCountry "FRA"]

1. d4 d5 2. Bg5 f6 3. Bh4 Nh6 4. e3 Bf5 5. c4 e6 6. Qb3 Nc6 7. Nc3 Bb4 8. Rc1 a5 9. a3 a4 10. Qa2 Ba5 11. cxd5 exd5 12. Bb5 0-0 13. Nge2 Ne7 14. Bxa4 c6 15. 0-0 Kh8 16. Bg3 b5 17. Bc2 Bxc2 18. Rxc2 Nhf5 19. Nf4 Nxg3 20. hxg3 Qd6 21. Qb3 Rfb8 22. Na2 g5 23. Nd3 h5 24. Nab4 Kg7 25. Rfc1 Rc8 26. Rc5 Rc7 27. Qd1 Rh8 28. Qf3 Rcc8 29. R5c2 Rh6 30. e4 dxe4 31. Qxe4 h4 32. Nxc6 Nd5 33. Nxa5 1-0

[Event "Vlissingen HZ op 18th"]
[Site "Vlissingen"]
[Date "2014.08.03"]
[Round "2"]
[White "Taddei, Benoit"]
[Black "Ratsma, Rosa"]
[Result "1-0"]
[WhiteElo "2348"]
[BlackElo "2035"]
[PlyCount "83"]
[EventDate "2014.08.02"]
[EventType "swiss"]
[EventRounds "9"]
[EventCountry "NED"]
[SourceTitle "CBM 161 Extra"]
[Source "ChessBase"]
[SourceDate "2014.08.29"]
[SourceVersion "1"]
[SourceVersionDate "2014.08.29"]
[SourceQuality "1"]

1. e4 c5 2. Nf3 d6 3. Bb5+ Nd7 4. d4 cxd4 5. Qxd4 a6 6. Bxd7+ Bxd7 7. c4 Rc8 8. Nc3 Qc7 9. b3 e6 10. 0-0 b5 11. Nd2 Be7 12. Ba3 Bf6 13. Qd3 Qa5 14. Bb2 b4 15. Nd1 Bxb2 16. Nxb2 Qe5 17. Rfb1 Nf6 18. a3 Bc6 19. axb4 Nxe4 20. f3 Nxd2 21. Qxd2 Bb7 22. Re1 Qf6 23. Na4 0-0 24. Qxd6 Rfd8 25. Qe5 Qg6 26. Qg3 Qc2 27. Nc5 Rb8 28. Qe5 Qd2 29. Ra4 h6 30. Qe3 Qb2 31. Qe5 Qd2 32. Re2 Qd1+ 33. Kf2 Qb1 34. Ra1 Qg6 35. Qc7 Rdc8 36. Qa5 Qf6 37. Rd1 Qc3 38. Rd3 Rxc5 39. Rxc3 Rxa5 40. bxa5 Kf8 41. Rd2 Ke7 42. Rcd3 1-0

[Event "FRA-chT Top 12"]
[Site "Saint Quentin"]
[Date "2014.05.27"]
[Round "4.4"]
[White "Dourerassou, Jonathan"]
[Black "Taddei, Benoit"]
[Result "1-0"]
[WhiteElo "2502"]
[BlackElo "2367"]
[PlyCount "61"]
[EventDate "2014.05.24"]
[EventType "team-tourn"]
[EventRounds "11"]
[EventCountry "FRA"]
[SourceTitle "CBM 160 Extra"]
[Source "ChessBase"]
[SourceDate "2014.07.01"]
[SourceVersion "1"]
[SourceVersionDate "2014.07.01"]
[SourceQuality "1"]
[WhiteTeam "Chalons en Champagne"]
[BlackTeam "Metz Fischer"]
[WhiteTeamCountry "FRA"]
[BlackTeamCountry "FRA"]

1. e4 Nc6 2. d4 d5 3. Nc3 e5 4. dxe5 d4 5. Nd5 Nge7 6. Bc4 Be6 7. Nxe7 Qxe7 8. Bxe6 Qxe6 9. f4 0-0-0 10. Nf3 Bb4+ 11. Bd2 Qc4 12. a3 Bc5 13. Qe2 Qe6 14. Ng5 Qe7 15. Qc4 Rdf8 16. b4 h6 17. Nf3 Bb6 18. b5 Nd8 19. a4 Bc5 20. f5 Re8 21. a5 c6 22. Rb1 b6 23. axb6 axb6 24. Bf4 g5 25. Bg3 Qd7 26. 0-0 Rhg8 27. e6 fxe6 28. Ne5 Qb7 29. bxc6 Nxc6 30. Nd3 Qe7 31. f6 1-0

[Event "FRA-chT Top 12"]
[Site "Haguenau"]
[Date "2013.06.06"]
[Round "8.7"]
[White "Philippe, Christophe"]
[Black "Taddei, Benoit"]
[Result "1-0"]
[WhiteElo "2372"]
[BlackElo "2374"]
[PlyCount "59"]
[EventDate "2013.05.30"]
[EventType "team-tourn"]
[EventRounds "11"]
[EventCountry "FRA"]
[SourceTitle "CBM 154 Extra"]
[Source "ChessBase"]
[SourceDate "2013.06.25"]
[SourceVersion "2"]
[SourceVersionDate "2013.06.25"]
[SourceQuality "1"]
[WhiteTeam "Vandoeuvre"]
[BlackTeam "Metz Fischer"]
[WhiteTeamCountry "FRA"]
[BlackTeamCountry "FRA"]

1. e4 d5 2. exd5 Qxd5 3. Nc3 Qa5 4. d4 Nf6 5. Nf3 Bf5 6. Bd2 e6 7. Ne5 Qb6 8. Qf3 c6 9. 0-0-0 Bb4 10. g4 Bg6 11. h4 Nbd7 12. Nxd7 Kxd7 13. h5 Bxc3 14. Qxc3 Be4 15. f3 Bd5 16. Qa3 c5 17. c4 cxd4 18. cxd5 Nxd5 19. Bd3 h6 20. Be4 Rhc8+ 21. Kb1 Rc5 22. Rc1 Rac8 23. Bxd5 exd5 24. Rxc5 Rxc5 25. Qa4+ Kd8 26. Re1 Rb5 27. Qa3 Rc5 28. Bb4 Rb5 29. Bf8 Qc7 30. Bxg7 1-0

[Event "ROM-ch U12"]
[Site "Calimanesti"]
[Date "2013.04.03"]
[Round "2"]
[White "Buga, Andru Mihai"]
[Black "Taddei, Benoit"]
[Result "0-1"]
[WhiteElo "1558"]
[BlackElo "1693"]
[PlyCount "108"]
[EventDate "2013.04.02"]
[EventType "swiss"]
[EventRounds "9"]
[EventCountry "ROU"]
[SourceTitle "CBM 153 Extra"]
[Source "ChessBase"]
[SourceDate "2013.04.22"]
[SourceVersion "1"]
[SourceVersionDate "2013.04.22"]
[SourceQuality "1"]

1. e4 c5 2. Nf3 Nc6 3. d4 cxd4 4. Nxd4 Nf6 5. Nc3 g6 6. Be3 Bg7 7. Bc4 0-0 8. Bb3 a5 9. 0-0 Ng4 10. Qxg4 Nxd4 11. Qd1 Nxb3 12. axb3 Ra6 13. Qe2 d6 14. Qb5 f5 15. exf5 Rxf5 16. Qd3 Rc6 17. Rfd1 e6 18. Bd4 Qh4 19. Qg3 Qxg3 20. hxg3 Bxd4 21. Rxd4 b6 22. Rad1 d5 23. Rf4 Rxf4 24. gxf4 Kf7 25. Kf1 Ba6+ 26. Ke1 Kf6 27. Rd2 Kf5 28. g3 h5 29. Ne2 Bxe2 30. Kxe2 b5 31. Kf3 a4 32. bxa4 bxa4 33. Re2 Rb6 34. c3 Rb3 35. Rc2 a3 36. bxa3 Rxa3 37. Ke3 Ra4 38. f3 Rc4 39. Kd3 h4 40. g4+ Kxf4 41. Re2 Rc6 42. Rf2 Kg3 43. Rf1 Kg2 44. Re1 Kxf3 45. g5 h3 46. Rf1+ Kg2 47. Re1 Kf3 48. Rf1+ Kg4 49. Rg1+ Kh4 50. Rh1 Rc4 51. Rg1 Rg4 52. Re1 h2 53. Rh1 Kh3 54. Re1 Rg1 0-1

[Event "Juvisy sur Orge"]
[Site "Juvisy sur Orge"]
[Date "2013.03.29"]
[Round "6"]
[White "Petkov, Vladimir"]
[Black "Taddei, Benoit"]
[Result "1-0"]
[WhiteElo "2558"]
[BlackElo "2367"]
[PlyCount "83"]
[EventDate "2013.03.24"]
[EventType "tourn"]
[EventRounds "9"]
[EventCountry "FRA"]
[EventCategory "5"]
[SourceTitle "CBM 153 Extra"]
[Source "ChessBase"]
[SourceDate "2013.04.22"]
[SourceVersion "1"]
[SourceVersionDate "2013.04.22"]
[SourceQuality "1"]

1. d4 d5 2. c4 Nc6 3. Nf3 Bg4 4. Nc3 e6 5. Bf4 Bxf3 6. gxf3 Bb4 7. e3 Nge7 8. Qc2 dxc4 9. Bxc4 Nd5 10. Bg3 h5 11. h3 Qd7 12. Kf1 Bxc3 13. bxc3 0-0-0 14. e4 Nb6 15. Be2 f6 16. a4 Kb8 17. a5 Nc8 18. Kg2 N8e7 19. Rhb1 Ka8 20. Bc4 Rb8 21. Qb3 e5 22. Rd1 Qe8 23. Bf7 Qf8 24. a6 h4 25. Bh2 Nd8 26. Bc4 b5 27. Bd5+ c6 28. Be6 Ng6 29. Bg4 Nf7 30. Qa2 Qe7 31. d5 Rhd8 32. dxc6 Nf8 33. Qa5 Rb6 34. Rd5 Rxd5 35. exd5 Nd6 36. Re1 Qf7 37. Qb4 Qxd5 38. c7 Rc6 39. c8R+ Nxc8 40. Qxf8 Kb8 41. Qe8 g6 42. Rxe5 1-0

[Event "FRA-chT Top 12"]
[Site "Belfort"]
[Date "2012.06.01"]
[Round "2.6"]
[White "Taddei, Benoit"]
[Black "Hauchard, Arnaud"]
[Result "1/2-1/2"]
[WhiteElo "2320"]
[BlackElo "2536"]
[PlyCount "104"]
[EventDate "2012.05.31"]
[EventType "team-tourn"]
[EventRounds "11"]
[EventCountry "FRA"]
[SourceTitle "CBM 148 Extra"]
[Source "ChessBase"]
[SourceDate "2012.06.22"]
[SourceVersion "1"]
[SourceVersionDate "2012.06.22"]
[SourceQuality "1"]
[WhiteTeam "Metz Fischer"]
[BlackTeam "Evry Grand Roque"]
[WhiteTeamCountry "FRA"]
[BlackTeamCountry "FRA"]

1. e4 c5 2. Nf3 d6 3. Bb5+ Bd7 4. Bxd7+ Qxd7 5. 0-0 Nf6 6. Qe2 Nc6 7. Rd1 e6 8. d4 cxd4 9. Nxd4 Be7 10. c4 Nxd4 11. Rxd4 Qc6 12. Nc3 0-0 13. b3 a6 14. Bb2 Rfd8 15. a4 Ne8 16. Rad1 Bf6 17. R4d3 Be5 18. Kh1 Nf6 19. f3 Nh5 20. Qe3 Nf4 21. R3d2 Ng6 22. g3 Rac8 23. Kg2 h6 24. Ba3 Rd7 25. Ne2 Rcd8 26. f4 Bf6 27. Qf3 Qc7 28. Nd4 Ne7 29. Qg4 Nc6 30. Nf3 Na5 31. Rd3 Qc6 32. Bb4 Qb6 33. e5 Be7 34. exd6 Qxb4 35. dxe7 Qxe7 36. Rxd7 Rxd7 37. Ne5 Rxd1 38. Qxd1 f6 39. Nf3 Nc6 40. Qd3 Kf7 41. h4 Ke8 42. Nd4 Qd6 43. Qg6+ Kf8 44. Nxc6 Qxc6+ 45. Kh2 Qf3 46. Qc2 e5 47. fxe5 fxe5 48. Qd2 Ke7 49. c5 Qxb3 50. Qd6+ Kf7 51. Qxe5 Qa2+ 52. Kg1 Kg8 1/2-1/2

[Event "FRA-chT Top 12"]
[Site "Mulhouse"]
[Date "2011.06.04"]
[Round "10.5"]
[White "Taddei, Benoit"]
[Black "Fressinet, Laurent"]
[Result "0-1"]
[WhiteElo "2300"]
[BlackElo "2677"]
[PlyCount "58"]
[EventDate "2011.05.26"]
[EventType "team-tourn"]
[EventRounds "11"]
[EventCountry "FRA"]
[SourceTitle "CBM 142 Extra"]
[Source "ChessBase"]
[SourceDate "2011.06.27"]
[SourceVersion "1"]
[SourceVersionDate "2011.06.27"]
[SourceQuality "1"]
[WhiteTeam "Metz Fischer"]
[BlackTeam "Clichy Echecs 92"]
[WhiteTeamCountry "FRA"]
[BlackTeamCountry "FRA"]

1. e4 c6 2. Nc3 d5 3. Nf3 g6 4. d4 Bg7 5. h3 dxe4 6. Nxe4 Bf5 7. Ng3 Be6 8. c4 Nf6 9. Be2 0-0 10. 0-0 b5 11. cxb5 a6 12. bxc6 Nxc6 13. Qa4 Qb6 14. Bg5 Nd5 15. Rfd1 h6 16. Be3 Rfc8 17. Rac1 f5 18. Bd2 Kh7 19. Bc3 Bf6 20. Bf1 a5 21. Re1 Ncb4 22. Ne5 Nxc3 23. bxc3 Nxa2 24. Nc4 Bxc4 25. Bxc4 Nxc1 26. Rxc1 Ra7 27. Re1 Qc6 28. Bb5 Qxc3 29. Rd1 Qb4 0-1

[Event "FRA Cup final"]
[Site "Chalons en Champagne"]
[Date "2010.06.27"]
[Round "1"]
[White "Adams, Michael"]
[Black "Taddei, Benoit"]
[Result "1-0"]
[WhiteElo "2697"]
[BlackElo "2311"]
[PlyCount "113"]
[EventDate "2010.06.27"]
[EventType "team-match"]
[EventRounds "1"]
[EventCountry "FRA"]
[SourceTitle "CBM 137 Extra"]
[Source "ChessBase"]
[SourceDate "2010.09.01"]
[SourceVersion "1"]
[SourceVersionDate "2010.09.01"]
[SourceQuality "1"]

1. e4 e5 2. Nf3 d6 3. d4 exd4 4. Nxd4 Nf6 5. Nc3 Be7 6. Be2 0-0 7. 0-0 Re8 8. f4 Bf8 9. Bf3 c5 10. Nde2 Nc6 11. h3 Bd7 12. a4 h6 13. g4 Rb8 14. Bg2 a6 15. Ng3 b5 16. axb5 axb5 17. Nd5 b4 18. Nxf6+ Qxf6 19. Kh2 Qd4 20. Qe2 g6 21. e5 Nxe5 22. fxe5 Bb5 23. Qf2 Bxf1 24. Qxf1 Qxe5 25. Qf3 Rbd8 26. c3 bxc3 27. bxc3 d5 28. Ra7 Re7 29. Bf4 Qe1 30. Ra2 Bg7 31. Rd2 g5 32. Rd1 Qxc3 33. Rd3 gxf4 34. Rxc3 fxg3+ 35. Kxg3 Be5+ 36. Kh4 Bxc3 37. Qxc3 Rd6 38. Qxc5 Red7 39. Qd4 Rd8 40. Bf1 Kh7 41. Bd3+ Kg8 42. Bf5 Rc6 43. Kh5 Ra6 44. h4 Rc6 45. Qe5 Rb6 46. Bd7 Ra8 47. Qxd5 Rd8 48. Qc5 Rg6 49. Bf5 Rf6 50. Bc2 Rdd6 51. Bb3 Rb6 52. Qe5 Kh7 53. Bc4 Kg8 54. Bd5 Rbd6 55. Qe8+ Kg7 56. Bxf7 Rxf7 57. Qe5+ 1-0

[Event "FRA-chT Top 16 Gp Haute"]
[Site "Guingamp"]
[Date "2010.06.05"]
[Round "10.5"]
[White "Dorfman, Josif D"]
[Black "Taddei, Benoit"]
[Result "1-0"]
[WhiteElo "2581"]
[BlackElo "2311"]
[PlyCount "55"]
[EventDate "2010.06.03"]
[EventType "team-tourn"]
[EventRounds "11"]
[EventCountry "FRA"]
[SourceTitle "EXT 2011"]
[Source "ChessBase"]
[SourceDate "2010.11.26"]
[SourceVersion "1"]
[SourceVersionDate "2010.11.26"]
[SourceQuality "1"]
[WhiteTeam "Evry Grand Roque"]
[BlackTeam "Metz Fischer"]
[WhiteTeamCountry "FRA"]
[BlackTeamCountry "FRA"]

1. c4 e5 2. g3 Nf6 3. Bg2 Nc6 4. Nc3 Bc5 5. e3 d5 6. cxd5 Nb4 7. d4 exd4 8. exd4 Be7 9. Nf3 0-0 10. 0-0 Nbxd5 11. Re1 c6 12. Ne5 Be6 13. Na4 Qc8 14. Nc5 Bf5 15. Bg5 Bd6 16. Rc1 h6 17. Bxf6 Nxf6 18. b4 Rd8 19. b5 Bxc5 20. Rxc5 Nd7 21. Nxc6 Nxc5 22. Ne7+ Kh7 23. Nxc8 Bxc8 24. dxc5 Rxd1 25. Rxd1 Bg4 26. Rd4 Be2 27. Bxb7 Re8 28. a4 1-0

[Event "Nancy-B"]
[Site "Nancy"]
[Date "2010.02.23"]
[Round "2"]
[White "Taddei, Benoit"]
[Black "Genzling, Alain"]
[Result "1/2-1/2"]
[WhiteElo "2295"]
[BlackElo "2398"]
[PlyCount "41"]
[EventDate "2010.02.22"]
[EventType "tourn"]
[EventRounds "9"]
[EventCountry "FRA"]
[EventCategory "5"]
[SourceTitle "CBM 135 Extra"]
[Source "ChessBase"]
[SourceDate "2010.05.04"]
[SourceVersion "1"]
[SourceVersionDate "2010.05.04"]
[SourceQuality "1"]

1. e4 c5 2. Nf3 Nc6 3. d4 cxd4 4. Nxd4 e5 5. Ne2 Nf6 6. Nbc3 Bc5 7. Ng3 d6 8. Be2 Nd4 9. 0-0 h6 10. Na4 a6 11. Nxc5 dxc5 12. c3 Nxe2+ 13. Qxe2 Qe7 14. Be3 Be6 15. f4 exf4 16. Rxf4 Nd7 17. Rd1 0-0 18. Qf2 b6 19. Nf5 Bxf5 20. Rxf5 Nf6 21. e5 1/2-1/2

[Event "Nancy-B"]
[Site "Nancy"]
[Date "2010.02.22"]
[Round "1"]
[White "Henris, Luc"]
[Black "Taddei, Benoit"]
[Result "1/2-1/2"]
[WhiteElo "2302"]
[BlackElo "2295"]
[PlyCount "47"]
[EventDate "2010.02.22"]
[EventType "tourn"]
[EventRounds "9"]
[EventCountry "FRA"]
[EventCategory "5"]
[SourceTitle "CBM 135 Extra"]
[Source "ChessBase"]
[SourceDate "2010.05.04"]
[SourceVersion "1"]
[SourceVersionDate "2010.05.04"]
[SourceQuality "1"]

1. e4 e5 2. f4 d6 3. Nf3 f5 4. exf5 Bxf5 5. Nc3 Nc6 6. Bb5 e4 7. Nd4 Qd7 8. Nxf5 Qxf5 9. d3 exd3 10. Bxd3 Qe6+ 11. Kf2 0-0-0 12. Re1 Qf7 13. Be4 d5 14. Bxd5 Bc5+ 15. Kf1 Qg6 16. Be3 Bb4 17. Qf3 Nge7 18. Bxc6 Nxc6 19. Re2 Rhf8 20. Kg1 Qf5 21. Rf1 h5 22. Ref2 g6 23. Bd4 Rxd4 24. Rb1 1/2-1/2

[Event "FRA-chT Top 16 GpB"]
[Site "France"]
[Date "2009.05.02"]
[Round "6"]
[White "Flear, Glenn C"]
[Black "Taddei, Benoit"]
[Result "1-0"]
[WhiteElo "2485"]
[BlackElo "2314"]
[PlyCount "73"]
[EventDate "2009.03.20"]
[EventType "team"]
[EventRounds "7"]
[EventCountry "FRA"]
[SourceTitle "CBM 129 Extra"]
[Source "ChessBase"]
[SourceDate "2009.05.05"]
[SourceVersion "2"]
[SourceVersionDate "2009.05.20"]
[SourceQuality "1"]

1. d4 Nf6 2. c4 e5 3. dxe5 Ng4 4. Nf3 Bc5 5. e3 Nc6 6. Nc3 0-0 7. Be2 Ncxe5 8. Nxe5 Nxe5 9. 0-0 Re8 10. b3 a5 11. Bb2 Ra6 12. Qd5 Ba7 13. c5 Rh6 14. f4 Nc6 15. Nb5 Qe7 16. Nxa7 Qxe3+ 17. Rf2 Nxa7 18. Bc4 Re7 19. Bd4 Qe4 20. f5 c6 21. Qxe4 Rxe4 22. Bc3 d5 23. Bd3 Re8 24. Re1 Rxe1+ 25. Bxe1 Kf8 26. a4 Bd7 27. g3 Nc8 28. Bxa5 f6 29. Kg2 Kf7 30. Bd2 Rh5 31. g4 Rg5 32. Bxg5 fxg5 33. b4 Ne7 34. b5 Ng8 35. b6 Nf6 36. a5 Bc8 37. Ra2 1-0